00355cam a22001097a 4500008004000000082001400040100002300054245010400077260003200181300001000213650002200223180718b1953 xxu||||| |||| 00| 0 eng d aT000 H243 aHarris, Seymour E. aEconomic planning: the plans of fourteen countries with analyses of the planscby Seymour E. Harris aCalcuttabWorld Pressc1953 a577p. aEconomic planning